| 000 | 00523nam a2200181 u 4500 | ||
|---|---|---|---|
| 001 | 000793194 | ||
| 003 | AM-YeHGA | ||
| 005 | 20250617144158.0 | ||
| 008 | 110303s1972 ru r 000 0 rus d | ||
| 040 | _aAM-YeHGA | ||
| 041 | 0 | _arus | |
| 100 | 1 | _aСоколова, Галина Сергеeвна | |
| 245 | 1 | 0 |
_aСадовод / _cГ. Соколова. |
| 260 |
_aМосква : _bМоск. рабочий, _c1972. |
||
| 300 | _a77 с. | ||
| 653 | 0 | _aСадоводство - Справочники | |
| 090 | _c290951 | ||
| 999 |
_c289278 _d289278 |
||